| 000 | 00512nam a22001817a 4500 | ||
|---|---|---|---|
| 003 | OSt | ||
| 005 | 20260204085624.0 | ||
| 008 | 260204b |||||||| |||| 00| 0 eng d | ||
| 020 | _a971-510-059-7. | ||
| 040 |
_aDWC-Main lib _cOC |
||
| 082 | _aFil. 264 R111L 1999 | ||
| 100 | _aRaas, Bernhard | ||
| 245 |
_aLiturgy ministries and the Bible _cBernhard Raas |
||
| 260 |
_aManila : _bLogos Publications, Inc., _cc1999. |
||
| 300 |
_a141 pages : _c22 cm. |
||
| 650 | _a1. Liturgies. | ||
| 942 |
_2ddc _cBK - FIL _kFil. _n0 |
||
| 999 |
_c8281 _d8281 |
||